Religion Quiz

Random Religion or Church Quiz

Hymn: There is a Fountain Filled with Blood Quiz Stats

 Plays Quiz not verified by Sporcle

Challenge
Share
Tweet
Embed
Score 0/187 Timer 07:00
0 Plays Today
Hint Answer % Correct
First versea
100%
First verseAnd
100%
First verseAnd
100%
Second verseThe
100%
Second verseAnd
100%
Second verseAnd
100%
Third versethe
100%
Third versethe
100%
Fourth versethe
100%
Fourth verseand
100%
Fourth verseAnd
100%
Fourth verseand
100%
Fourth verseand
100%
First verseThere
97.5%
Second versethere
97.5%
Second verseI,
97.5%
Second versethere
97.5%
Second verseI,
97.5%
Fourth verseI
97.5%
Fourth verseI
97.5%
Fourth verseI
97.5%
Fourth verseI
97.5%
Fourth verseI
97.5%
First verseis
95.1%
First versewith
95.1%
First verseblood
95.1%
Third verseblood
95.1%
First versefilled
93.8%
First versefountain
92.6%
Second versefountain
92.6%
First versefrom
84%
Third versebe
82.7%
Third verseBe
82.7%
Third versebe
82.7%
Third versebe
82.7%
Fourth versebe
82.7%
Fourth versebe
82.7%
Fourth versebe
82.7%
Fourth versebe
82.7%
First versethat
80.2%
First versethat
80.2%
Second versethat
80.2%
Third versesin
80.2%
Third versesin
80.2%
Third versesin
80.2%
Third versesin
80.2%
First verseall
76.5%
First verseall
76.5%
First verseall
76.5%
First verseall
76.5%
Second verseall
76.5%
Second verseall
76.5%
Second verseall
76.5%
Second verseall
76.5%
Third verseall
76.5%
Third verseall
76.5%
First versesinners
72.8%
First versesinners
72.8%
First versedrawn
71.6%
First verseveins;
71.6%
First verseEmmanuel's
70.4%
First verseflood
70.4%
First versetheir
70.4%
Hint Answer % Correct
First versestains.
70.4%
First versetheir
70.4%
First versestains,
70.4%
First versetheir
70.4%
First versestains;
70.4%
First verseflood
70.4%
First versetheir
70.4%
First versestains.
70.4%
Second verseto
70.4%
Second versein
70.4%
Third verseto
70.4%
Third verseto
70.4%
Third verseto
70.4%
Third verseto
70.4%
First versebeneath
69.1%
First verselose
69.1%
First verseguilty
69.1%
First verseLose
69.1%
First verseguilty
69.1%
First verselose
69.1%
First verseguilty
69.1%
First versebeneath
69.1%
First verselose
69.1%
First verseguilty
69.1%
Third verselose
69.1%
First verseplunged
66.7%
First verseplunged
66.7%
Third verseof
66.7%
Third verseof
66.7%
Second versehis
65.4%
Second versehe,
65.4%
Second versemy
65.4%
Second versemy
65.4%
Second versemy
65.4%
Second versehe,
65.4%
Second versemy
65.4%
Third verseno
65.4%
Third verseno
65.4%
Third verseno
65.4%
Third verseno
65.4%
Fourth versemy
65.4%
Fourth versemy
65.4%
Second verseas
63%
Second verseas
63%
Third versemore.
61.7%
Third versemore,
61.7%
Third versemore;
61.7%
Third versemore.
61.7%
Second verseaway.
60.5%
Second verseaway,
60.5%
Second verseaway;
60.5%
Second verseaway.
60.5%
Third verseGod
60.5%
Third verseGod
60.5%
Second versesins
59.3%
Second versesins
59.3%
Second versesins
59.3%
Second versesins
59.3%
Second versedying
54.3%
Second versesee
54.3%
Second verseday;
54.3%
Second versethough
54.3%
Second versevile
54.3%
Hint Answer % Correct
Second versethough
54.3%
Second versevile
54.3%
Third versedying
54.3%
Third verseshall
54.3%
Third verseits
54.3%
Fourth verseshall
54.3%
Fourth verseshall
54.3%
Fourth verseshall
54.3%
Fourth verseshall
54.3%
Fourth verselove
53.1%
Fourth verselove
53.1%
Second versethief
51.9%
Third versesaved,
51.9%
Third versesaved,
51.9%
Third versesaved,
51.9%
Third versesaved,
51.9%
Third verseTill
50.6%
Third verseTill
50.6%
Fourth versehas
50.6%
Fourth versetill
50.6%
Fourth versetill
50.6%
Fourth versetill
50.6%
Fourth versehas
50.6%
Fourth versetill
50.6%
Fourth versedie.
49.4%
Fourth versedie,
49.4%
Fourth versedie;
49.4%
Fourth versedie.
49.4%
Fourth versebeen
48.1%
Fourth versebeen
48.1%
Fourth verseby
46.9%
Second verserejoiced
45.7%
Third verseThy
45.7%
Fourth verseThy
45.7%
Third versenever
44.4%
Third versepower
44.4%
Third verseransomed
44.4%
Third verseransomed
44.4%
Fourth verseE’er
44.4%
Second versewashed
43.2%
Second verseWashed
43.2%
Second versewashed
43.2%
Second versewashed
43.2%
Fourth verseflowing
42%
Fourth verseRedeeming
42%
Fourth verseRedeeming
42%
Third versechurch
40.7%
Third versechurch
40.7%
Fourth versesaw
40.7%
Fourth versetheme,
40.7%
Fourth versetheme,
40.7%
Fourth versewounds
39.5%
Third verseLamb,
38.3%
Fourth versefaith,
37%
Fourth versestream
37%
Fourth versesupply,
37%
Second versehave
35.8%
Second versehave
35.8%
Fourth versesince,
35.8%
Third verseprecious
34.6%
Third verseDear
28.4%

You're not logged in!

Compare scores with friends on all Sporcle quizzes.
Join for Free
OR
Log In

You Might Also Like...

Show Comments

Extras

Top Quizzes Today


Score Distribution

Your Account Isn't Verified!

In order to create a playlist on Sporcle, you need to verify the email address you used during registration. Go to your Sporcle Settings to finish the process.

Report this User

Report this user for behavior that violates our Community Guidelines.

Details: